[Event "World Youth Girls U18 2014"]
[Site "Durban RSA"]
[Date "2014.09.21"]
[Round "2.6"]
[White "Marikova, Jana"]
[Black "Hoare, Amy B"]
[Result "1-0"]
[WhiteElo "2188"]
[BlackElo "1981"]
[WhiteFideId "334138"]
[BlackFideId "418366"]
[EventDate "2014.09.20"]

1. d4 d5 2. c4 e6 3. Nc3 Nf6 4. Bg5 Be7 5. e3 O-O 6. Nf3 Nbd7 7. Qc2 Re8 8.
O-O-O c6 9. Kb1 Nf8 10. h4 a5 11. Ne5 dxc4 12. Bxc4 Nd5 13. Bxe7 Nxc3+ 14. Qxc3
Qxe7 15. f4 f6 16. Nf3 b5 17. Bd3 Bb7 18. Nd2 b4 19. Qc2 Ba6 20. Be4 Bb5 21. Nb3
a4 22. Nc5 Reb8 23. Qf2 Qd6 24. g4 Bc4 25. Bf3 Ra7 26. Rd2 Nd7 27. Rc1 Bb5 28.
Qg2 Nb6 29. Rdd1 Nc4 30. Qf2 Nb6 31. Be2 Nd5 32. Ne4 Qd7 33. Bf3 Nb6 34. Nc5 Qd6
35. e4 Qe7 36. Be2 Bxe2 37. Qxe2 Rd8 38. f5 e5 39. Ne6 Rc8 40. Qe3 Nd7 41. d5
Ra6 42. Qd3 Ra5 43. Rxc6 Raa8 44. d6 Qf7 45. Rc7 Rcb8 46. Qc4 b3 47. a3 Rb6 48.
Rc8+ Rxc8 49. Qxc8+ Nf8 50. Nxf8 Qxf8 51. Qxf8+ Kxf8 52. d7 1-0

[Event "World Youth Girls U18 2014"]
[Site "Durban RSA"]
[Date "2014.09.21"]
[Round "2.7"]
[White "Fischer, Julie"]
[Black "Velikic, Adela"]
[Result "1-0"]
[WhiteElo "1960"]
[BlackElo "2175"]
[WhiteFideId "699969"]
[BlackFideId "913553"]
[EventDate "2014.09.20"]

1. e4 c5 2. Nc3 Nc6 3. Bb5 d6 4. Bxc6+ bxc6 5. d3 g6 6. f4 Bg7 7. h3 Nf6 8. Nf3
O-O 9. O-O Rb8 10. Qe1 Qc7 11. Qh4 Re8 12. f5 e6 13. Bg5 Nd7 14. f6 Bh8 15. e5
dxe5 16. b3 h6 17. Qxh6 Nxf6 18. Nxe5 Bg7 19. Qxg7+ Kxg7 20. Bxf6+ Kg8 21. Rf4
Qd6 22. Rh4 Qd4+ 23. Rxd4 cxd4 24. Ne4 c5 25. Rf1 Bb7 26. Ng5 1-0

[Event "World Youth Girls U18 2014"]
[Site "Durban RSA"]
[Date "2014.09.21"]
[Round "2.8"]
[White "Xiao, Yiyi"]
[Black "Ichimura G. Barbosa, Larissa Y."]
[Result "1-0"]
[WhiteTitle "WFM"]
[WhiteElo "2168"]
[BlackElo "1952"]
[WhiteFideId "8606161"]
[BlackFideId "2126753"]
[EventDate "2014.09.20"]

1. d4 Nf6 2. c4 g6 3. g3 Bg7 4. Bg2 O-O 5. Nc3 d6 6. Nf3 Nc6 7. O-O e5 8. d5 Ne7
9. e4 Ne8 10. b4 f5 11. Ng5 h6 12. Ne6 Bxe6 13. dxe6 c6 14. Ba3 fxe4 15. Nxe4 d5
16. b5 Nc7 17. Nc5 Qd6 18. bxc6 bxc6 19. Qa4 Nxe6 20. Nxe6 Qxe6 21. cxd5 Qf6 22.
dxc6 Rac8 23. Rac1 Rc7 24. Bb4 Rfc8 25. Ba5 Rxc6 26. Bxc6 Rxc6 27. Bd8 Rxc1 28.
Rxc1 Qf8 29. Bxe7 Qxe7 30. Rc8+ Bf8 31. Qc4+ Qf7 32. Qxf7+ Kxf7 33. Rc7+ Ke6 34.
Rxa7 g5 35. Rb7 1-0

[Event "World Youth Girls U18 2014"]
[Site "Durban RSA"]
[Date "2014.09.21"]
[Round "2.9"]
[White "Grgic, Neomi"]
[Black "Nandhidhaa, PV"]
[Result "0-1"]
[WhiteElo "1935"]
[BlackElo "2144"]
[WhiteFideId "14520842"]
[BlackFideId "5050847"]
[EventDate "2014.09.20"]

1. e4 c5 2. Nf3 e6 3. d4 cxd4 4. Nxd4 a6 5. Bd3 Bc5 6. Nb3 Be7 7. Be3 d6 8. N1d2
Nf6 9. Qe2 Nbd7 10. f4 Qc7 11. h3 b5 12. O-O Bb7 13. a4 O-O 14. axb5 axb5 15.
Bd4 b4 16. Bf2 Rfe8 17. Rfc1 e5 18. f5 d5 19. Rxa8 Bxa8 20. c3 dxe4 21. Nxe4 Qb7
22. Nbd2 Nd5 23. Bg3 Bf8 24. Qf3 Nc5 25. Bc4 Nb6 26. Ng5 Nxc4 27. Qxb7 Bxb7 28.
Nxc4 f6 29. Nf3 Nb3 30. Rc2 Be4 31. Re2 Bd3 0-1

[Event "World Youth Girls U18 2014"]
[Site "Durban RSA"]
[Date "2014.09.21"]
[Round "2.10"]
[White "Parnali, S Dharia"]
[Black "Ren, Xiaoyi"]
[Result "1/2-1/2"]
[WhiteElo "1919"]
[BlackElo "2134"]
[WhiteFideId "5043131"]
[BlackFideId "8608709"]
[EventDate "2014.09.20"]

1. d4 Nf6 2. c4 g6 3. Nc3 d5 4. cxd5 Nxd5 5. e4 Nxc3 6. bxc3 Bg7 7. Be3 c5 8.
Bb5+ Nc6 9. Ne2 cxd4 10. Bxc6+ bxc6 11. cxd4 c5 12. O-O O-O 13. Rc1 Ba6 14. Rxc5
Qb6 15. Qd2 Rfd8 16. d5 e6 17. Rfc1 Qb2 18. R5c2 Qe5 19. Rc6 Bxe2 20. Qxe2 exd5
21. exd5 Qxd5 22. h3 h5 23. R6c5 Qe4 24. R5c4 Qe8 25. Qc2 a5 26. Bg5 Rd5 27. Be3
a4 28. Rc7 Be5 29. Rb7 Qe6 30. Rb6 Rd6 31. Rxd6 Qxd6 32. Qc6 Qxc6 33. Rxc6 Rb8
34. Rb6 Rd8 35. Rb1 Rd3 36. Rc1 Bb2 37. Rc2 Rd1+ 38. Kh2 a3 39. Bc5 Ra1 40. g3
Kg7 41. Kg2 Kf6 42. Re2 g5 43. g4 h4 44. Bb4 Kg6 45. Be7 f6 46. Bf8 Kf7 47. Bb4
f5 48. Be7 f4 49. Bxg5 Rxa2 50. Bxf4 Ra1 51. Be5 Bxe5 52. Rxe5 Kf6 53. Ra5 Kg6
54. Rh5 Kg7 55. Ra5 Kg6 56. Kf3 Rh1 57. Kg2 Ra1 1/2-1/2

[Event "World Youth Girls U18 2014"]
[Site "Durban RSA"]
[Date "2014.09.21"]
[Round "2.11"]
[White "Doan, Thi Hong Nhung"]
[Black "Rodionova, Polina"]
[Result "0-1"]
[BlackTitle "WFM"]
[WhiteElo "1903"]
[BlackElo "2090"]
[WhiteFideId "12403547"]
[BlackFideId "24102555"]
[EventDate "2014.09.20"]

1. d4 Nf6 2. c4 g6 3. Nc3 Bg7 4. e4 d6 5. f3 O-O 6. Be3 c5 7. dxc5 dxc5 8. Qxd8
Rxd8 9. Bxc5 Nc6 10. Rd1 Rxd1+ 11. Kxd1 Nd7 12. Be3 Bxc3 13. bxc3 Nde5 14. f4
Ng4 15. Ke2 Be6 16. Kf3 Rd8 17. Be2 Nxe3 18. Kxe3 Na5 19. Nf3 Nxc4+ 20. Kf2 Nd2
21. Ke3 Nc4+ 22. Kf2 Nd6 23. Nd2 Bxa2 24. c4 b5 25. c5 Ne8 26. Ke3 b4 27. Bc4
Rxd2 28. Kxd2 Bxc4 29. Rb1 b3 30. Ra1 Nf6 31. Kc3 Be6 32. Kd4 Nxe4 33. Rxa7 Nf6
34. Rb7 0-1

[Event "World Youth Girls U18 2014"]
[Site "Durban RSA"]
[Date "2014.09.21"]
[Round "2.12"]
[White "Dragieva, Denitza"]
[Black "Machlik, Edit"]
[Result "1/2-1/2"]
[WhiteTitle "WFM"]
[WhiteElo "2066"]
[BlackElo "1929"]
[WhiteFideId "2907232"]
[BlackFideId "1513591"]
[EventDate "2014.09.20"]

1. d4 Nf6 2. Nf3 e6 3. g3 b5 4. Bg5 Bb7 5. Nbd2 d5 6. Bxf6 Qxf6 7. e4 a6 8. e5
Qd8 9. Bd3 c5 10. c3 Nc6 11. a4 b4 12. O-O Qb6 13. dxc5 Bxc5 14. Nb3 Be7 15.
Nbd4 O-O 16. Nxc6 Bxc6 17. cxb4 g6 18. Qd2 Qxb4 19. Qxb4 Bxb4 20. Nd4 Bb7 21.
Nc2 Be7 22. b4 Rfc8 23. b5 Rc3 24. Rfd1 Bc5 25. Ne1 f6 26. exf6 axb5 27. Bxb5
Rf8 28. Rac1 Bd4 29. Rxc3 Bxc3 30. f4 Rxf6 31. Nf3 Rf8 32. Rd3 Ba5 33. Kf1 h6
34. Ke2 Rc8 35. Nd4 e5 36. fxe5 Kf7 37. e6+ Ke7 38. Rf3 Kd6 39. Rf7 Rc7 40. Rd7+
Rxd7 41. exd7 Bc7 42. Kd3 Bb6 43. h4 Bc7 44. g4 h5 45. gxh5 gxh5 46. Nf5+ Ke5
47. Ng7 d4 48. Nxh5 Be4+ 49. Ke2 Bd8 50. Ng3 d3+ 51. Bxd3 Bxd3+ 52. Kxd3 Bxh4
53. Kc4 Ke6 54. Kb5 Kxd7 55. Nf5 Be1 56. Nd4 Kc7 57. Ne6+ Kb7 58. Nc5+ Ka7 59.
Nd3 Bd2 60. Nb4 Bxb4 61. Kxb4 1/2-1/2

[Event "World Youth Girls U18 2014"]
[Site "Durban RSA"]
[Date "2014.09.21"]
[Round "2.13"]
[White "Al-Moaamari, Mozah"]
[Black "Mukhit, Aisezym"]
[Result "0-1"]
[WhiteElo "1301"]
[BlackElo "2059"]
[WhiteFideId "9307010"]
[BlackFideId "13706349"]
[EventDate "2014.09.20"]

1. c4 Nf6 2. Nc3 c5 3. g3 e6 4. Bg2 d5 5. cxd5 exd5 6. d4 cxd4 7. Qxd4 Nc6 8.
Qd1 d4 9. Ne4 Bf5 10. Bg5 Bxe4 11. Bxe4 Bb4+ 12. Kf1 h6 13. Bxf6 Qxf6 14. Qa4
Be7 15. Nf3 Rd8 16. Rd1 O-O 17. Bxc6 bxc6 18. Nxd4 Bc5 19. Nf3 Qxb2 20. Rxd8
Rxd8 21. Qxc6 Bb6 22. Qc4 Re8 23. e3 Rd8 24. Kg2 Bxe3 25. Rf1 Bb6 26. a4 Re8 27.
Ng1 Re6 28. Qc8+ Kh7 29. Qc4 Rf6 30. Qe4+ g6 31. Nf3 Re6 32. Qc4 Kg7 33. Ng1 Re5
34. Qc1 Qb4 35. Qc2 Rc5 36. Qa2 Qe4+ 37. Nf3 Rc3 38. Qb2 Qxf3+ 39. Kg1 Kh7 40.
Qa2 Rd3 41. a5 Bd4 42. a6 Rd1 43. Rxd1 Qxd1+ 44. Kg2 Kg7 45. Qa4 Qxa4 0-1

[Event "World Youth Girls U18 2014"]
[Site "Durban RSA"]
[Date "2014.09.21"]
[Round "2.14"]
[White "Utiatskaja, Irina"]
[Black "Abdi, Zineb Dina"]
[Result "1/2-1/2"]
[BlackTitle "WIM"]
[WhiteElo "2047"]
[BlackElo "1911"]
[WhiteFideId "24140848"]
[BlackFideId "7900880"]
[EventDate "2014.09.20"]

1. e4 e5 2. Nf3 Nc6 3. Bb5 a6 4. Ba4 Nf6 5. O-O b5 6. Bb3 Be7 7. Re1 O-O 8. h3
d6 9. c3 Na5 10. Bc2 c5 11. d4 Qc7 12. d5 Bd7 13. b3 Ne8 14. Nbd2 g6 15. Nf1 Ng7
16. Bh6 Nb7 17. g4 f6 18. Ng3 Nd8 19. Qd2 Nf7 20. Be3 Rfc8 21. a4 bxa4 22. bxa4
Qa5 23. Reb1 Rcb8 24. Qe1 Bd8 25. Bd2 Qc7 26. Qe2 Qc8 27. Kh2 Ra7 28. Qc4 Qc7
29. Bd3 Bc8 30. Qa2 Rab7 31. Rxb7 Qxb7 32. Rb1 Qc7 33. Ne1 Rxb1 34. Qxb1 Qb6 35.
Kg2 Qxb1 36. Bxb1 Bd7 37. Bc2 Ba5 38. Nd3 Nd8 39. Nb2 Ne8 40. Ne2 Nc7 41. Nc4
Nb7 42. Nb2 Bb6 43. Nc1 Ba5 44. Kf1 Nd8 45. Bd3 Bc8 46. Ke2 Kf7 47. f3 Na8 48.
Kd1 Bb6 1/2-1/2

[Event "World Youth Girls U18 2014"]
[Site "Durban RSA"]
[Date "2014.09.21"]
[Round "2.15"]
[White "Regam, Jessica"]
[Black "Yashora, Tiumi"]
[Result "0-1"]
[WhiteTitle "WFM"]
[WhiteElo "2031"]
[BlackElo "1706"]
[WhiteFideId "2033496"]
[BlackFideId "9903534"]
[EventDate "2014.09.20"]

1. e4 c5 2. Nf3 Nc6 3. d4 cxd4 4. Nxd4 g6 5. c4 Bg7 6. Be3 Nf6 7. Nc3 Ng4 8.
Qxg4 Nxd4 9. Qd1 e5 10. Be2 O-O 11. O-O d6 12. Qd2 a6 13. Rfd1 Be6 14. Rac1 Rc8
15. b3 Qa5 16. Qb2 Qb4 17. Na4 Qa5 18. Nc3 Qb4 19. Qd2 Qa5 20. Bf1 Rfd8 21. f3
Rd7 22. Qb2 Qb6 23. Qf2 Qa5 24. Qb2 f5 25. Bd3 Nc6 26. Qf2 Qd8 27. Bb6 Qf8 28.
exf5 gxf5 29. Bb1 Rf7 30. Qd2 Bh6 31. Be3 Bxe3+ 32. Qxe3 Nd4 33. f4 Qg7 34. Ne2
Nxe2+ 35. Qxe2 Rd7 36. Rc3 Qf6 37. fxe5 dxe5 38. Rxd7 Bxd7 39. Rd3 Bc6 40. Qh5
e4 41. Rd1 Kh8 42. Rf1 Qd4+ 43. Kh1 Rf8 44. Qh6 Rg8 45. Qf4 Qb2 46. Bc2 e3 47.
Rb1 Bxg2+ 48. Kg1 Bh3+ 49. Kh1 Qf6 50. Be4 Qd4 0-1

[Event "World Youth Girls U18 2014"]
[Site "Durban RSA"]
[Date "2014.09.21"]
[Round "2.17"]
[White "Wafa, Shrook"]
[Black "February, Jesse Nikki"]
[Result "1-0"]
[WhiteTitle "WGM"]
[WhiteElo "2141"]
[BlackElo "1688"]
[WhiteFideId "10609970"]
[BlackFideId "14312336"]
[EventDate "2014.09.20"]

1. e4 e6 2. d4 d5 3. Nc3 Bb4 4. Ne2 dxe4 5. a3 Bxc3+ 6. Nxc3 Nc6 7. Bb5 Ne7 8.
Nxe4 O-O 9. c3 e5 10. Be3 Qd5 11. Bxc6 Nxc6 12. Qf3 Qb5 13. O-O-O Be6 14. d5 Nd4
15. cxd4 Bxd5 16. Nc3 Bxf3 17. Nxb5 Bxd1 18. Rxd1 a6 19. Nc3 exd4 20. Rxd4 Rad8
21. Rg4 Rd7 22. h4 h5 23. Rb4 b6 24. Re4 Rfd8 25. Re5 g6 26. Bg5 f6 27. Bxf6 Rf8
28. Ne4 Rd4 29. Bg5 Kg7 30. Re7+ Rf7 31. Bf6+ 1-0

[Event "World Youth Girls U18 2014"]
[Site "Durban RSA"]
[Date "2014.09.21"]
[Round "2.18"]
[White "Michelle Catherina, P"]
[Black "Adanmis, Ezgi"]
[Result "1-0"]
[WhiteElo "2114"]
[BlackElo "1546"]
[WhiteFideId "5005736"]
[BlackFideId "6360017"]
[EventDate "2014.09.20"]

1. e4 e6 2. d4 d5 3. Bd3 Nf6 4. e5 Nfd7 5. Nf3 c5 6. c3 Nc6 7. O-O Be7 8. a3
cxd4 9. cxd4 g5 10. Be3 h6 11. b4 Nb6 12. Nbd2 Bd7 13. Rc1 Rc8 14. Nb3 Na4 15.
Qe2 a6 16. Nfd2 Nb2 17. Bb1 Na7 18. Rxc8 Nxc8 19. Qh5 Bb5 20. Rc1 Nc4 21. Nxc4
Bxc4 22. Nc5 b6 23. Nxe6 Qd7 24. Bf5 Qc6 25. Nxg5 Bxg5 26. Bxg5 Ne7 27. e6 Qd6
28. Re1 Bb5 29. exf7+ 1-0

[Event "World Youth Girls U18 2014"]
[Site "Durban RSA"]
[Date "2014.09.21"]
[Round "2.19"]
[White "Leonardi, Caterina"]
[Black "Kumari, S C T"]
[Result "1-0"]
[WhiteElo "1903"]
[BlackElo "1525"]
[WhiteFideId "14601036"]
[BlackFideId "9917390"]
[EventDate "2014.09.20"]

1. d4 Nf6 2. c4 g6 3. Nc3 d5 4. g3 Bg7 5. Bg2 c6 6. cxd5 Nxd5 7. e4 Nxc3 8. bxc3
O-O 9. Ne2 Na6 10. Be3 Qc7 11. Qd2 Rd8 12. Bh6 Bf6 13. h4 c5 14. h5 Qa5 15. hxg6
fxg6 16. Bg5 cxd4 17. Bxf6 exf6 18. cxd4 Qxd2+ 19. Kxd2 Rb8 20. Rac1 Be6 21. d5
Bf7 22. Ke3 Rd6 23. f4 Re8 24. Kd4 Rdd8 25. e5 fxe5+ 26. fxe5 Nb4 27. d6 Nxa2
28. Rc7 b5 29. Rxf7 Kxf7 30. Bd5+ Kg7 31. Bxa2 a6 32. Nf4 Rd7 33. Kd5 g5 34.
Nh5+ Kg6 35. Nf6 Red8 36. Bb1+ Kg7 37. Rxh7+ Kf8 38. Nxd7+ Ke8 39. Re7# 1-0

[Event "World Youth Girls U18 2014"]
[Site "Durban RSA"]
[Date "2014.09.21"]
[Round "2.20"]
[White "Jaskunaite, Areta"]
[Black "Schmalhorst, Sophia"]
[Result "0-1"]
[WhiteElo "1499"]
[BlackElo "1903"]
[WhiteFideId "12809250"]
[BlackFideId "24682497"]
[EventDate "2014.09.20"]

1. d4 Nf6 2. Bf4 e6 3. e3 Be7 4. Bd3 O-O 5. Nd2 c5 6. c3 d5 7. Ngf3 Nc6 8. h3 h6
9. O-O Bd6 10. Bxd6 Qxd6 11. Re1 Rd8 12. dxc5 Qxc5 13. Nb3 Qe7 14. Qe2 b6 15.
Rad1 Bb7 16. Bb5 Rac8 17. Nbd4 Ne4 18. Qc2 Nd6 19. Bxc6 Bxc6 20. Nxc6 Rxc6 21.
Ne5 Rcc8 22. Rd4 Qf6 23. Nf3 Ne4 24. Red1 b5 25. a4 a6 26. axb5 axb5 27. Ra1 Ra8
28. Rdd1 Rdc8 29. Qb3 Rab8 30. Ra5 Rc5 31. Rd4 Qd8 32. Qa3 Qc7 33. Rb4 Nd6 34.
Ra7 Rb7 35. Rxb7 Qxb7 36. Nd4 Qb6 37. Qa8+ Rc8 38. Qa3 Rc4 39. Qa8+ Kh7 40. Qa3
e5 41. Nf3 f6 42. Nd2 Rc7 43. Qb3 Qc5 44. Rg4 Nc4 45. Qc2+ e4 46. Nb3 Qb6 47.
Nd4 g5 48. Rg3 b4 49. Nf5 bxc3 50. bxc3 Na3 51. Qa2 Qb1+ 52. Qxb1 Nxb1 53. h4
Nxc3 54. Kf1 Kg6 55. Nd4 Ra7 56. Kg1 Ra1+ 57. Kh2 Ra2 58. f3 Nd1 59. f4 Ra3 60.
f5+ Kf7 61. hxg5 fxg5 62. Rh3 Nxe3 63. Nb5 Ng4+ 0-1

[Event "World Youth Girls U18 2014"]
[Site "Durban RSA"]
[Date "2014.09.21"]
[Round "2.21"]
[White "Rodsmoen, Maud"]
[Black "Engelbrecht, Liezl"]
[Result "1-0"]
[WhiteElo "1901"]
[BlackElo "1479"]
[WhiteFideId "1510550"]
[BlackFideId "14310830"]
[EventDate "2014.09.20"]

1. e4 e6 2. d4 d5 3. Nd2 Nf6 4. e5 Nfd7 5. Bd3 c5 6. c3 Nc6 7. Ne2 Be7 8. O-O
cxd4 9. cxd4 f6 10. exf6 Nxf6 11. Nf3 O-O 12. Re1 Bb4 13. Bd2 Bd6 14. Ng3 Qb6
15. Bc3 Bd7 16. Ng5 Rae8 17. Nh5 g6 18. Nxf6+ Rxf6 19. Qg4 Re7 20. Qh4 e5 21.
dxe5 Bxe5 22. Bxe5 Nxe5 23. Rxe5 Rxe5 24. Qxh7+ Kf8 25. Nf3 Re7 26. Qh8+ Kf7 27.
Ng5# 1-0

[Event "World Youth Girls U18 2014"]
[Site "Durban RSA"]
[Date "2014.09.21"]
[Round "2.22"]
[White "Koh, Clarise"]
[Black "Hiebler, Laura"]
[Result "0-1"]
[WhiteElo "1446"]
[BlackElo "1901"]
[WhiteFideId "3200388"]
[BlackFideId "1617621"]
[EventDate "2014.09.20"]

1. e4 e6 2. d4 d5 3. Nc3 Nf6 4. Bg5 Bb4 5. e5 h6 6. Bd2 Bxc3 7. Bxc3 Ne4 8. Nf3
c5 9. Bd3 Nxc3 10. bxc3 Qa5 11. Qd2 Nc6 12. O-O cxd4 13. cxd4 Qxd2 14. Nxd2 Nxd4
15. Rab1 O-O 16. Rb4 Nc6 17. Rh4 Nxe5 18. Re1 Nxd3 19. cxd3 b5 20. Re3 a5 21.
Rg3 Kh7 22. Nf3 f6 23. Nd4 Bd7 24. f4 b4 25. Rhg4 Rg8 26. Rh4 a4 27. Re3 Rgb8
28. Re2 b3 29. Rb2 bxa2 30. Rxa2 a3 31. Nc2 Rb1+ 32. Kf2 Rb2 33. Ra1 Rxc2+ 34.
Ke3 a2 35. g4 Rb2 36. g5 Rb1 37. gxf6 Rxa1 38. fxg7 Re1+ 39. Kf3 a1=Q 0-1

[Event "World Youth Girls U18 2014"]
[Site "Durban RSA"]
[Date "2014.09.21"]
[Round "2.23"]
[White "Mynzhasarova, Kamilla"]
[Black "Iher, Mirjam"]
[Result "1-0"]
[WhiteElo "1882"]
[BlackElo "1389"]
[WhiteFideId "13703668"]
[BlackFideId "4503627"]
[EventDate "2014.09.20"]

1. e4 d5 2. exd5 Nf6 3. d4 Nxd5 4. Nf3 g6 5. Be2 Bg7 6. O-O O-O 7. c4 Nb6 8. Nc3
Nc6 9. d5 Ne5 10. Nxe5 Bxe5 11. Bh6 Re8 12. f4 Bh8 13. Bd3 e6 14. Qf3 exd5 15.
f5 Bd4+ 16. Kh1 g5 17. Qg4 Be3 18. h4 dxc4 19. Bxc4 Nxc4 20. Qxc4 Qf6 21. hxg5
Bxg5 22. Bxg5 Qxg5 23. Nd5 Bxf5 24. Nxc7 Rac8 25. Qb5 Qh4+ 26. Kg1 Qd4+ 27. Kh1
Bd3 28. Qg5+ Kf8 29. Nxe8 Bxf1 30. Qh6+ Kxe8 31. Rxf1 Qd3 32. Re1+ Kd7 33. Qh5
Qg6 34. Qh3+ f5 35. Rd1+ Ke8 36. Qe3+ Kf8 37. Qa3+ Kg8 38. Qb3+ Kf8 39. Qa3+ Kg8
40. Qb3+ Kf8 41. Kg1 Qg4 42. Qd5 Rc2 43. Qd6+ Kg7 44. Qe7+ Kg8 45. Rd8# 1-0

[Event "World Youth Girls U18 2014"]
[Site "Durban RSA"]
[Date "2014.09.21"]
[Round "3.1"]
[White "Saduakassova, Dinara"]
[Black "Xiao, Yiyi"]
[Result "1-0"]
[WhiteTitle "WGM"]
[BlackTitle "WFM"]
[WhiteElo "2409"]
[BlackElo "2168"]
[WhiteFideId "13700090"]
[BlackFideId "8606161"]
[EventDate "2014.09.20"]

1. d4 Nf6 2. c4 e6 3. Nc3 Bb4 4. Qc2 O-O 5. Nf3 b6 6. e4 Bb7 7. Bd3 d5 8. cxd5
exd5 9. e5 Ne4 10. O-O Bxc3 11. bxc3 h6 12. h4 c5 13. Ba3 Re8 14. c4 cxd4 15.
cxd5 Nc3 16. Bd6 Na6 17. Nxd4 Nxd5 18. Qb3 Nf4 19. Bc4 Qxh4 20. Bxf7+ Kh8 21.
Qg3 Nxg2 22. Qxh4 Nxh4 23. Bxe8 Rxe8 24. f4 Nc5 25. Bxc5 bxc5 26. Nb5 Re6 27.
Kf2 g5 28. Nd6 Ba6 29. Rfc1 gxf4 30. Rxc5 Ng6 31. Rc6 Nxe5 32. Rxa6 Nd3+ 33. Kf1
Re3 34. Nf5 Re5 35. Rd1 1-0

[Event "World Youth Girls U18 2014"]
[Site "Durban RSA"]
[Date "2014.09.21"]
[Round "3.3"]
[White "Osmanodja, Filiz"]
[Black "Nevioselaya, Maria"]
[Result "1-0"]
[WhiteTitle "WIM"]
[WhiteElo "2310"]
[BlackElo "2024"]
[WhiteFideId "24633569"]
[BlackFideId "13502280"]
[EventDate "2014.09.20"]

1. e4 e5 2. Nf3 Nc6 3. Bb5 a6 4. Ba4 Nf6 5. O-O Be7 6. Re1 b5 7. Bb3 d6 8. c3
O-O 9. h3 Nb8 10. d4 Nbd7 11. Nbd2 Bb7 12. Bc2 Re8 13. Nf1 Bf8 14. Ng3 g6 15. a4
c5 16. d5 c4 17. Bg5 h6 18. Be3 Nc5 19. Rf1 Nfd7 20. Nd2 Bg7 21. Ne2 Nf6 22. f3
Qe7 23. Qe1 Nh5 24. g4 Nf6 25. Qg3 Kh7 26. Kg2 Nfd7 27. h4 Bf6 28. g5 Bg7 29. h5
hxg5 30. Bxg5 Nf6 31. Rh1 gxh5 32. Qh4 Ncd7 33. Ng3 Rh8 34. Rag1 Qf8 35. Kf1 Bh6
36. Bxf6 Nxf6 37. Qxf6 Bxd2 38. Rxh5+ Bh6 39. Nf5 1-0

[Event "World Youth Girls U18 2014"]
[Site "Durban RSA"]
[Date "2014.09.21"]
[Round "3.4"]
[White "Rodionova, Polina"]
[Black "Navrotescu, Andreea-Cristiana"]
[Result "1-0"]
[WhiteTitle "WFM"]
[BlackTitle "WFM"]
[WhiteElo "2090"]
[BlackElo "2208"]
[WhiteFideId "24102555"]
[BlackFideId "675946"]
[EventDate "2014.09.20"]

1. e4 c5 2. Nf3 e6 3. d4 cxd4 4. Nxd4 Nc6 5. Nc3 Qc7 6. g3 a6 7. Bg2 Nf6 8. O-O
Nxd4 9. Qxd4 Bc5 10. Bf4 d6 11. Qd3 Nd7 12. Na4 e5 13. Bd2 O-O 14. Rad1 b5 15.
Nxc5 dxc5 16. Be3 Nb6 17. b3 Bg4 18. Qd6 Rfc8 19. f3 Be6 20. f4 exf4 21. gxf4
Bg4 22. Qxc7 Rxc7 23. Rd6 Rb8 24. h3 Bd7 25. Rfd1 a5 26. Kf2 Kf8 27. Rxb6 Rxb6
28. Rxd7 Rxd7 29. Bxc5+ Ke8 30. Bxb6 Rd2+ 31. Kg3 a4 32. Bf1 1-0

[Event "World Youth Girls U18 2014"]
[Site "Durban RSA"]
[Date "2014.09.21"]
[Round "3.5"]
[White "Styazhkina, Anna"]
[Black "Fischer, Julie"]
[Result "1-0"]
[WhiteTitle "WIM"]
[WhiteElo "2203"]
[BlackElo "1960"]
[WhiteFideId "24119300"]
[BlackFideId "699969"]
[EventDate "2014.09.20"]

1. e4 c5 2. Nf3 g6 3. d4 cxd4 4. Nxd4 Nc6 5. c4 Nf6 6. Nc3 Nxd4 7. Qxd4 d6 8.
Be2 Bg7 9. Be3 O-O 10. Qd2 Qa5 11. Rc1 Be6 12. f3 Rfc8 13. b3 a6 14. Na4 Qxd2+
15. Kxd2 Nd7 16. f4 Rc7 17. Bf3 Rac8 18. Nb6 Nxb6 19. Bxb6 Rc6 20. Be3 R6c7 21.
a4 b5 22. axb5 axb5 23. cxb5 Bxb3 24. Rxc7 Rxc7 25. Rc1 Rb7 26. Rc8+ Bf8 27. f5
Kg7 28. b6 f6 29. Rc7 Rb8 30. b7 1-0

[Event "World Youth Girls U18 2014"]
[Site "Durban RSA"]
[Date "2014.09.21"]
[Round "3.6"]
[White "Mukhit, Aisezym"]
[Black "Marikova, Jana"]
[Result "1/2-1/2"]
[WhiteElo "2059"]
[BlackElo "2188"]
[WhiteFideId "13706349"]
[BlackFideId "334138"]
[EventDate "2014.09.20"]

1. e4 c5 2. Nf3 d6 3. Bb5+ Bd7 4. Bxd7+ Qxd7 5. O-O Nc6 6. c3 Nf6 7. Re1 e6 8.
d4 Be7 9. d5 Ne5 10. Nxe5 dxe5 11. c4 O-O 12. Nc3 Ne8 13. Re3 Bg5 14. Rd3 Bxc1
15. Qxc1 Nc7 16. Qg5 f5 17. Rad1 fxe4 18. Nxe4 exd5 19. cxd5 b6 20. Rh3 Rae8 21.
Qh5 g6 22. Qh4 Qg7 23. Ng5 h5 24. d6 Qd7 25. Qe4 Rf6 26. Qc4+ Ne6 27. Re3 Kg7
28. Rxe5 Nxg5 29. Rxg5 Rxd6 30. Qc3+ Kh7 31. Rxd6 Qxd6 32. h4 Qd1+ 33. Kh2 Re4
34. Qg3 Qd4 35. Kh3 Re1 36. Kh2 Re4 37. Kh3 Qd7+ 38. Kh2 Qd4 39. Kh3 Qd7+ 1/2-1/2

[Event "World Youth Girls U18 2014"]
[Site "Durban RSA"]
[Date "2014.09.21"]
[Round "3.7"]
[White "Yashora, Tiumi"]
[Black "Dragieva, Denitza"]
[Result "0-1"]
[BlackTitle "WFM"]
[WhiteElo "1706"]
[BlackElo "2066"]
[WhiteFideId "9903534"]
[BlackFideId "2907232"]
[EventDate "2014.09.20"]

1. d4 d5 2. c4 e5 3. dxe5 d4 4. a3 Nc6 5. Nf3 Nge7 6. b4 Ng6 7. Bb2 a5 8. b5
Ncxe5 9. Nxe5 Nxe5 10. Bxd4 Nxc4 11. e3 Be6 12. Qa4 Nd6 13. Be2 Qg5 14. O-O Bd5
15. f3 Be7 16. e4 Be6 17. f4 Qh6 18. e5 Nf5 19. Bf3 Nxd4 20. Qxd4 b6 21. Bc6+
Kf8 22. Qc3 Bc5+ 23. Kh1 Rd8 24. Qe1 g5 25. f5 Bc4 26. Rf3 g4 27. Rg3 Qf4 28.
Rc3 Bf2 29. Qc1 Be2 0-1

[Event "World Youth Girls U18 2014"]
[Site "Durban RSA"]
[Date "2014.09.21"]
[Round "3.8"]
[White "Ren, Xiaoyi"]
[Black "Utiatskaja, Irina"]
[Result "1-0"]
[WhiteElo "2134"]
[BlackElo "2047"]
[WhiteFideId "8608709"]
[BlackFideId "24140848"]
[EventDate "2014.09.20"]

1. d4 Nf6 2. c4 e6 3. g3 c5 4. Nf3 cxd4 5. Nxd4 Nc6 6. Bg2 a6 7. O-O Be7 8. e4
Qc7 9. Be3 O-O 10. Nxc6 bxc6 11. c5 Rb8 12. Qe2 Qa5 13. Rc1 Qb4 14. Nd2 Rb5 15.
Nc4 Rxc5 16. a3 Qb8 17. Bxc5 Bxc5 18. e5 Ne8 19. Kh1 f6 20. f4 fxe5 21. fxe5 Rf2
22. Qd3 Nc7 23. b4 Be7 24. Rf1 Rxf1+ 25. Rxf1 Nd5 26. Qf3 Bb7 27. Qf7+ Kh8 28.
Bxd5 cxd5 29. Na5 1-0